Online
Catalog

Monumento a Colón : (Record no. 33124)

MARC details
000 -CABECERA
campo de control de longitud fija 01270nam a2200265 a 4500
001 - NÚMERO DE CONTROL
campo de control 000033633
003 - IDENTIFICADOR DEL NÚMERO DE CONTROL
campo de control DO-SdBNP
005 - FECHA Y HORA DE LA ÚLTIMA TRANSACCIÓN
campo de control 20250318153244.0
008 - DATOS DE LONGITUD FIJA--INFORMACIÓN GENERAL
campo de control de longitud fija 110902s1878 sp 000 0 spa d
040 ## - FUENTE DE LA CATALOGACIÓN
Centro catalogador/agencia de origen DO-SdBNP
Lengua de catalogación spa
Centro/agencia transcriptor BNPHU
100 1# - ENTRADA PRINCIPAL--NOMBRE DE PERSONA
Nombre de persona Roselly de Lorgues,
Títulos y otros términos asociados al nombre conde,
Fechas asociadas al nombre 1805-1898
9 (RLIN) 59105
245 10 - MENCIÓN DE TÍTULO
Título Monumento a Colón :
Resto del título historia de la vida y viajes de Cristóbal Colón /
Mención de responsabilidad, etc. escrita en francés por el conde Roselly de Lorgues, continuada con documentos inéditos importantes relativos al segundo matrimonio de Colón con Doña Beatriz Enríquez de Córdoba ; traducida por Pelegrín Casabó y Pagés ; anotada y publicada bajo la dirección de Ramón Buldú.
246 30 - FORMA VARIANTE DE TÍTULO
Título propio/Titulo breve Monumento a Colón
246 30 - FORMA VARIANTE DE TÍTULO
Título propio/Titulo breve Historia de la vida y viajes de Cristóbal Colón
260 ## - PUBLICACIÓN, DISTRIBUCIÓN, ETC.
Fecha de publicación, distribución, etc. 1878.
300 ## - DESCRIPCIÓN FÍSICA
Extensión 2 v. ;
Dimensiones 29 cm.
590 ## - NOTA LOCAL (RLIN)
Nota local Biblioteca tiene 2 ejs. v.1, 1 ej. v.2
600 #0 - PUNTO DE ACCESO ADICIONAL DE MATERIA--NOMBRE DE PERSONA
Nombre de persona COLÓN, CRISTOBAL,
Fechas asociadas al nombre 1436-1456
9 (RLIN) 19795
650 24 - PUNTO DE ACCESO ADICIONAL DE MATERIA--TÉRMINO DE MATERIA
Término de materia o nombre geográfico como elemento de entrada Exploradores
Subdivisión geográfica América
Subdivisión general Biografía
9 (RLIN) 59077
650 24 - PUNTO DE ACCESO ADICIONAL DE MATERIA--TÉRMINO DE MATERIA
Término de materia o nombre geográfico como elemento de entrada Exploradores
Subdivisión geográfica España
Subdivisión general Biografía
9 (RLIN) 59078
651 #4 - PUNTO DE ACCESO ADICIONAL DE MATERIA--NOMBRE GEOGRÁFICO
Nombre geográfico América --
Subdivisión general Descubrimiento y exploración --
-- Españoles
9 (RLIN) 544
Subdivisión de forma Ensayo, conferencias, etc.
700 1# - PUNTO DE ACCESO ADICIONAL--NOMBRE DE PERSONA
Nombre de persona Casabó y Pagés, Pelegrín.
Término indicativo de función/relación trad.
9 (RLIN) 59106
700 1# - PUNTO DE ACCESO ADICIONAL--NOMBRE DE PERSONA
Nombre de persona Buldú, Ramón,
Término indicativo de función/relación dir.
9 (RLIN) 59107
942 ## - ELEMENTOS DE PUNTO DE ACCESO ADICIONAL (KOHA)
Fuente del sistema de clasificación o colocación Dewey Decimal Classification
Tipo de ítem Koha Libro
Holdings
Estado de retiro Estado de pérdida Restricciones de uso No para préstamo Código de colección Localización permanente Ubicación/localización actual Ubicación en estantería Fecha de adquisición Número de inventario Total de préstamos Signatura topográfica completa Código de barras Fecha visto por última vez Precio válido a partir de Tipo de ítem Koha
      Excluido de préstamo Monografías: Libros y Folletos General General Depósito 02.09.2011 LF1   33633-10 25.06.2020 25.06.2020 No se presta

Powered by Koha